[Event "La Meridiana op 2nd"]
[Site "Perugia"]
[Date "2012.11.10"]
[Round "3"]
[White "Gorietti, Stefano"]
[Black "Trasciatti, Mirko"]
[Result "1/2-1/2"]
[WhiteElo "1823"]
[BlackElo "1978"]
[PlyCount "54"]
[EventDate "2012.11.09"]
[EventType "swiss"]
[EventRounds "5"]
[EventCountry "ITA"]
[SourceTitle "EXT 2014"]
[Source "ChessBase"]
[SourceDate "2013.11.20"]
[SourceVersion "1"]
[SourceVersionDate "2013.11.20"]
[SourceQuality "1"]

1. e4 e6 2. d4 d5 3. e5 c5 4. c3 Qb6 5. a3 Nc6 6. Nf3 Bd7 7. b4 cxd4 8. cxd4 Rc8 9. Bb2 Na5 10. Nbd2 Nc4 11. Nxc4 dxc4 12. Rc1 Bxb4+ 13. axb4 Qxb4+ 14. Qd2 Qxd2+ 15. Nxd2 b5 16. Bxc4 bxc4 17. Nxc4 Kd8 18. Kd2 Nh6 19. Nd6 Rc6 20. Rxc6 Bxc6 21. Ra1 Kc7 22. d5 Bxd5 23. Rxa7+ Kc6 24. f3 Rb8 25. Bd4 Nf5 26. Ra6+ Kc7 27. Ra7+ Kc6 1/2-1/2